Science Quiz

Random Science Quiz

TENS Protocols Quiz Stats

 Plays Quiz not verified by Sporcle

Challenge
Share
Tweet
Embed
Score 0/58 Timer 15:00
0 Plays Today
Hint Answer % Correct
Waveforms used for TENSinterferential
66.7%
Waveforms used for TENSRussian
66.7%
Waveforms used for TENSHVPC
33.3%
Waveforms used for TENSpremodulated
33.3%
Hyperstimulation usesprobe
33.3%
Hyperstimulation protocolHVPC
33.3%
Waveforms used for TENSpulsed monophasic
0%
Waveforms used for TENSbiphasic pulsed current balanced
0%
Waveforms used for TENSbiphasic pulsed current unbalanced
0%
Conventional TENS usesacute or chronic pain
0%
Conventional TENS usesintro to estim
0%
Conventional TENS usestargets large diameter fibers
0%
Conventional TENS usesconduction block
0%
Conventional TENS usesquick onset of pain relief
0%
Conventional TENS usespossible long lasting pain relief
0%
Conventional TENS usessensory accommodation
0%
Conventional TENS useselectrode placement at pain
0%
Conventional TENS protocol30-60 pps
0%
Conventional TENS protocolsensory amplitude
0%
Conventional TENS protocol50-100 microseconds
0%
Conventional TENS protocol15-30 minute treatment
0%
Acupuncture like TENS/ Strong Low Rate TENS/ SLR usessubacute or chronic pain
0%
Acupuncture like TENS/ Strong Low Rate TENS/ SLR usesmuscle contraction
0%
Acupuncture like TENS/ Strong Low Rate TENS/ SLR usesendogenous opiates release
0%
Acupuncture like TENS/ Strong Low Rate TENS/ SLR useselectrode placement at pain
0%
Acupuncture like TENS protocol2-4 pps
0%
Acupuncture like TENS protocol150-300 microseconds
0%
Acupuncture like TENS protocolmotor level
0%
Acupuncture like TENS protocol15-40 minutes
0%
Hint Answer % Correct
Brief intense TENS usessubacute or chronic pain
0%
Brief intense TENS usesimmediate pain relief
0%
Brief intense TENS useslong lasting pain relief
0%
Brief intense TENS usesdirect effect on muscle spasm
0%
Brief intense TENS protocol60-150 pps
0%
Brief intense TENS protocol50-250 microseconds
0%
Brief intense TENS protocolmotor level
0%
Burst mode TENS usesacute, subacute, and chronic pain
0%
Burst mode TENS usesgate theory and peripheral block
0%
Burst mode TENS usesendogenous opiates
0%
Burst mode TENS protocol60-100 pps
0%
Burst mode TENS protocol0.5-4 bps
0%
Burst mode TENS protocolintermittent muscle contraction
0%
Burst mode TENS protocolsensory
0%
Burst mode TENS protocolbetter tolerance than SLR
0%
Burst mode TENS protocolburst modulation
0%
Burst mode TENS protocol50-200 microseconds
0%
Hyperstimulation useschronic pain
0%
Hyperstimulation usesmost noxious form of TENS
0%
Hyperstimulation usesafter other methods have failed
0%
Hyperstimulation usesintense estim of small diameter fibers
0%
Hyperstimulation usesacupressure or trigger points
0%
Hyperstimulation usesactivation of inhibitory interneurons
0%
Hyperstimulation usesenkephalin release
0%
Hyperstimulation protocolnoxious level
0%
Hyperstimulation protocol220 microseconds-10 msec
0%
Hyperstimulation protocol1-5 pps
0%
Hyperstimulation protocol30-60 seconds
0%
Hyperstimulation protocolsensory
0%

You're not logged in!

Compare scores with friends on all Sporcle quizzes.
OR
Log In

You Might Also Like...

Show Comments

Extras

Created Feb 28, 2010ReportNominate
Tags:protocol, ten

Top Quizzes Today


Score Distribution

Your Account Isn't Verified!

In order to create a playlist on Sporcle, you need to verify the email address you used during registration. Go to your Sporcle Settings to finish the process.

Report this User

Report this user for behavior that violates our Community Guidelines.

Details: